Muslim Diaspora in the West : (Record no. 15445)
[ view plain ]
| 000 -LEADER | |
|---|---|
| fixed length control field | 02809cam a22003498a 4500 |
| 001 - CONTROL NUMBER | |
| control field | 16314999 |
| 005 - DATE AND TIME OF LATEST TRANSACTION | |
| control field | 20110518161844.0 |
| 008 - FIXED-LENGTH DATA ELEMENTS--GENERAL INFORMATION | |
| fixed length control field | 100705s2010 vtu 001 0 eng |
| 010 ## - LIBRARY OF CONGRESS CONTROL NUMBER | |
| LC control number | 2010026830 |
| 020 ## - INTERNATIONAL STANDARD BOOK NUMBER | |
| International Standard Book Number | 1409402878 |
| 020 ## - INTERNATIONAL STANDARD BOOK NUMBER | |
| International Standard Book Number | 9781409402879 |
| 040 ## - CATALOGING SOURCE | |
| Original cataloging agency | DLC |
| Transcribing agency | DLC |
| 050 00 - LIBRARY OF CONGRESS CALL NUMBER | |
| Classification number | HQ1170 |
| Item number | .M8466 2010 |
| 082 00 - DEWEY DECIMAL CLASSIFICATION NUMBER | |
| Classification number | 305.697091821 |
| Edition number | 22 |
| Item number | MUS |
| 245 00 - TITLE STATEMENT | |
| Title | Muslim Diaspora in the West : |
| Remainder of title | Negotiating Gender, Home and Belonging / |
| Statement of responsibility, etc | Edited by Haideh Moghissi and Halleh Ghorashi. |
| 260 ## - PUBLICATION, DISTRIBUTION, ETC. (IMPRINT) | |
| Place of publication, distribution, etc | Burlington, VT : |
| Name of publisher, distributor, etc | Ashgate, 2010 |
| Date of publication, distribution, etc | 2010. |
| 300 ## - PHYSICAL DESCRIPTION | |
| Extent | 222 p. ; |
| Dimensions | 24 cm. |
| 490 0# - Series Statement | |
| Series statement | Research in migration and ethnic relations series |
| -- | 24319 |
| 500 ## - GENERAL NOTE | |
| General note | Includes index. |
| 505 0# - FORMATTED CONTENTS NOTE | |
| Formatted contents note | Introduction / Haideh Moghissi -- Culturalist approach of women's emancipation in the Netherlands / Halleh Ghorashi -- Globalization and women's leadership in the Muslim diaspora : an intersectional analysis / Fauzia Erfan Ahmed -- Emergence of a transnational Muslim feminist consciousness among women in the WENAAZ (Western Europe, North America, Australia & New Zealand) context / Cassandra Balchin -- Multiculturalism and religious legislation in Sweden / Anne Sofie Roald -- Iranian immigrant in Britain / Vida Nassehi-Behnam -- Changing spousal relations in diaspora : Muslims in Canada / Haideh Moghissi -- Sexing diaspora : negotiating sexuality in shifting cultural landscape / Fataneh Farahani -- Styles of religious practice : Muslim youth cultures in Europe / Thijl Sunier -- The struggle to stay on the middle ground : on the radicalization of young Muslims in Europe / David Thurfjell -- Young French women of Muslim descent : discriminatory social context and politicization / Sepideh Farkhondeh -- Making homes in turbulent times : Moroccan-Dutch Muslims contesting dominant discourses of belonging / Marjo Buitelaar & Femke Stock -- Understanding Dutch Islam : exploring the relationship between Muslims, the state and public sphere in the Netherlands / Martijn de Koning -- Between Iraq and a hard place : Iraqis in diaspora / Jacqueline Ismael and Shereen Ismael -- Conclusion / Halleh Ghorashi. |
| 650 #0 - SUBJECT ADDED ENTRY--TOPICAL TERM | |
| Topical term or geographic name as entry element | Muslim women |
| Geographic subdivision | Western countries. |
| 9 (RLIN) | 24320 |
| 650 #0 - SUBJECT ADDED ENTRY--TOPICAL TERM | |
| Topical term or geographic name as entry element | Muslim families |
| Geographic subdivision | Western countries. |
| 9 (RLIN) | 24321 |
| 650 #0 - SUBJECT ADDED ENTRY--TOPICAL TERM | |
| Topical term or geographic name as entry element | Muslim diaspora. |
| 9 (RLIN) | 24322 |
| 650 #0 - SUBJECT ADDED ENTRY--TOPICAL TERM | |
| Topical term or geographic name as entry element | Islam |
| General subdivision | Customs and practices. |
| 9 (RLIN) | 24323 |
| 650 #0 - SUBJECT ADDED ENTRY--TOPICAL TERM | |
| Topical term or geographic name as entry element | Multiculturalism. |
| 9 (RLIN) | 24324 |
| 653 ## - INDEX TERM--UNCONTROLLED | |
| Resource For college | |
| Arrived date list | May2011 |
| 700 1# - ADDED ENTRY--PERSONAL NAME | |
| Personal name | Moghissi, Haideh, |
| Dates associated with a name | 1944- |
| Relator term | edt |
| 9 (RLIN) | 24325 |
| 700 1# - ADDED ENTRY--PERSONAL NAME | |
| Personal name | Ghorashi, Halleh. |
| Relator term | edt |
| 9 (RLIN) | 24326 |
| 942 ## - ADDED ENTRY ELEMENTS (KOHA) | |
| Source of classification or shelving scheme | Dewey Decimal Classification |
| Item type | |
| Withdrawn status | Item status | Source of classification or shelving scheme | Damaged status | Not for loan | Vendor | Home library | Current library | Shelving location | Date acquired | Source of acquisition | Cost, normal purchase price | Serial Enumeration / chronology | Total Checkouts | Total Renewals | Full call number | Barcode | Date last seen | Date last borrowed | Koha item type |
|---|---|---|---|---|---|---|---|---|---|---|---|---|---|---|---|---|---|---|---|
| Dewey Decimal Classification | Baccah | Central Library | Central Library | First floor | 29/05/2011 | 715.00 | 12337 | 4 | 63 | 305.697091821 MUS | 000023770 | 15/07/2025 | 03/11/2019 | Book - Borrowing |